[Event "WCC 2002"]
[Site "Hyderabad"]
[Date "2002.10.13"]
[Round "4"]
[White "Peng, Zhaoqin"]
[Black "Meenakshi, S"]
[Result "0-1"]
[WhiteElo "2443"]
[WhiteCountry "NED"]
[BlackElo "2309"]
[BlackCountry "IND"]
[Remark "WCC2002"]
[PresId "422"]

1. c4 c6 2. e4 d5 3. exd5 cxd5 4. d4 Nf6 5. Nc3 Nc6 6. Nf3 e6 7. Be2
dxc4 8. Bxc4 Be7 9. O-O O-O 10. Re1 b6 11. a3 Bb7 12. Ba2 Rc8 13. Bf4
Na5 14. Rc1 Bd6 15. Bg5 h6 16. Bh4 Bf4 17. Rc2 Bxf3 18. Qxf3 Qxd4 19.
Bxf6 Qxf6 20. Rce2 Bb8 21. Qxf6 gxf6 22. g3 Nc4 23. Bxc4 Rxc4 24. Rd2
Be5 25. Ne2 f5 26. b3 Rc7 27. a4 Rfc8 28. Red1 Kf8 29. Kg2 Rc2 30. Nd4
Rxd2 31. Rxd2 Ke7 32. Nf3 Bf6 33. Nd4 Rc5 34. Kf1 a6 35. Ke2 Rc3 36.
b4 Rc4 37. Nc2 a5 38. Kd3 Rc3+ 39. Ke2 axb4 40. Nxb4 Rc4 41. Na6 Rxa4
42. Nb8 Be5 43. Nc6+ Kf6 44. Rd7 Ra2+ 45. Ke3 Ra3+ 46. Ke2 Rc3 47.
Nxe5 Kxe5 48. Rxf7 b5 49. Rh7 b4 50. Rxh6 b3 51. Rh8 Kd4 52. Rd8+ Kc4
53. Rb8 Rc2+ 54. Ke3 b2 55. Rc8+ Kb3 56. Rb8+ Ka2 57. Ra8+ Kb1 58. h4
Kc1 59. Rb8 b1Q 60. Rxb1+ Kxb1 61. h5 e5 0-1
*

[Event "WCC 2002"]
[Site "Hyderabad"]
[Date "2002.10.13"]
[Round "4"]
[White "Wang, Pin"]
[Black "Dworakowska, Joanna"]
[Result "1-0"]
[WhiteElo "2473"]
[WhiteCountry "CHN"]
[BlackElo "2389"]
[BlackCountry "POL"]
[Remark "WCC2002"]
[PresId "423"]

1. e4 c5 2. Nf3 d6 3. d4 cxd4 4. Nxd4 Nf6 5. Nc3 a6 6. Be3 e5 7. Nb3
Be6 8. f3 Be7 9. Qd2 Nbd7 10. g4 O-O 11. O-O-O Qc7 12. Kb1 Rac8 13.
Qf2 b5 14. g5 Nh5 15. h4 b4 16. Nd5 Bxd5 17. Rxd5 Rb8 18. f4 Nb6 19.
Rd1 exf4 20. Bxf4 Nxf4 21. Qxf4 a5 22. Nd4 Nc4 23. Bxc4 Qxc4 24. Nf5
Rbe8 25. Rd4 Qe6 26. Rf1 Rc8 27. Ne3 Bd8 28. Nd5 Rc6 29. b3 Bb6 30.
Rd2 g6 31. Nxb6 Rxb6 32. Qf6 Qxf6 33. Rxd6 Qxg5 34. hxg5 f5 35. Rxg6+
hxg6 36. Rh1 1-0
*

[Event "WCC 2002"]
[Site "Hyderabad"]
[Date "2002.10.14"]
[Round "5"]
[White "Vescovi, Giovanni"]
[Black "Macieja, Bartlomiej"]
[Result "1/2-1/2"]
[WhiteElo "2614"]
[WhiteCountry "BRA"]
[BlackElo "2615"]
[BlackCountry "POL"]
[Remark "Message"]
[PresId "502"]

1. e4 c6 2. d4 d5 3. Nc3 dxe4 4. Nxe4 Bf5 5. Ng3 Bg6 6. h4 h6 7. Nf3
Nd7 8. h5 Bh7 9. Bd3 Bxd3 10. Qxd3 e6 11. Bf4 Ngf6 12. O-O-O Be7 13.
Kb1 O-O 14. c4 b5 15. c5 a5 16. Nf1 Nd5 17. Bh2 Rc8 18. Ne3 N7f6 19.
Be5 a4 20. Rhg1 Nxe3 21. fxe3 Qd5 22. Bxf6 Bxf6 23. Rh1 Qf5 24. e4 Qg4
25. e5 Be7 26. Rde1 f5 27. exf6 Bxf6 28. Qe4 Qxe4+ 29. Rxe4 Rfe8 30.
Rhe1 Kf7 31. Kc2 Rcd8 32. Kc3 Rd5 33. Kb4 Rxh5 34. Ka5 Rd5 35. Kb6
Rdd8 36. Ne5+ Bxe5 37. Rxe5 Rc8 38. R5e2 Kf6 39. b3 Rb8+ 40. Kxc6
Rec8+ 41. Kd6 Rd8+ 42. Kc6 Rdc8+ 43. Kd6 1/2-1/2
*

[Event "WCC 2002"]
[Site "Hyderabad"]
[Date "2002.10.14"]
[Round "5"]
[White "Iuldachev, Saidali"]
[Black "Ye, Jiangchuan"]
[Result "0-1"]
[WhiteElo "2511"]
[WhiteCountry "UZB"]
[BlackElo "2667"]
[BlackCountry "CHN"]
[Remark "Message"]
[PresId "503"]

1. e4 c5 2. Nf3 d6 3. c3 Nf6 4. Be2 Nbd7 5. Qc2 Qc7 6. O-O b6 7. c4 e5
8. Nc3 g6 9. d3 Bg7 10. Nh4 a6 11. f4 h6 12. f5 g5 13. Nf3 g4 14. Nh4
h5 15. g3 Bb7 16. Rb1 Bh6 17. a3 Bxc1 18. Rfxc1 Ke7 19. Qd2 Bc6 20. b4
b5 21. bxc5 dxc5 22. Ng2 Qd6 23. Nd5+ Bxd5 24. exd5 Rab8 25. Qe3 Rb6
26. Rf1 Rhb8 27. Nf4 bxc4 28. Rxb6 Rxb6 29. dxc4 e4 30. Ne6 Rb2 31.
Qh6 Rxe2 32. Qh8 Qb8 33. Nd8 Qb2 34. d6+ Kxd6 35. Rd1+ Ke5 0-1
*

[Event "WCC 2002"]
[Site "Hyderabad"]
[Date "2002.10.14"]
[Round "5"]
[White "Anand, Viswanathan"]
[Black "Hamdouchi, Hichem"]
[Result "1/2-1/2"]
[WhiteElo "2755"]
[WhiteCountry "IND"]
[BlackElo "2593"]
[BlackCountry "MAR"]
[Remark "Message"]
[PresId "508"]

1. e4 c6 2. d4 d5 3. Nc3 dxe4 4. Nxe4 Bf5 5. Ng3 Bg6 6. h4 h6 7. Nf3
Nd7 8. h5 Bh7 9. Bd3 Bxd3 10. Qxd3 e6 11. Bf4 Ngf6 12. O-O-O Be7 13.
Kb1 O-O 14. c4 Qa5 15. Ne5 Nxe5 16. Bxe5 Ng4 17. Qe2 Nxe5 18. dxe5
Rfd8 19. f4 Rxd1+ 20. Rxd1 Rd8 21. Rxd8+ Qxd8 22. Ne4 Qd4 23. a4 a6
24. g3 1/2-1/2
*

[Event "WCC 2002"]
[Site "Hyderabad"]
[Date "2002.10.14"]
[Round "5"]
[White "Ehlvest, Jann"]
[Black "Beliavsky, Alexander G"]
[Result "1/2-1/2"]
[WhiteElo "2600"]
[WhiteCountry "EST"]
[BlackElo "2650"]
[BlackCountry "SLO"]
[Remark "Message"]
[PresId "510"]

1. d4 Nf6 2. Nf3 d5 3. c4 e6 4. Nc3 Be7 5. Bg5 h6 6. Bxf6 Bxf6 7. e3
O-O 8. Rc1 c6 9. Bd3 Nd7 10. O-O dxc4 11. Bxc4 e5 12. Ne4 exd4 13.
Nxf6+ Nxf6 14. Qxd4 Bg4 15. Rfd1 1/2-1/2
*

[Event "WCC 2002"]
[Site "Hyderabad"]
[Date "2002.10.14"]
[Round "5"]
[White "Short, Nigel D"]
[Black "Ganguly, Surya Shekhar"]
[Result "1-0"]
[WhiteElo "2684"]
[WhiteCountry "ENG"]
[BlackElo "2531"]
[BlackCountry "IND"]
[Remark "Message"]
[PresId "512"]

1. e4 e5 2. Nf3 Nc6 3. Bb5 a6 4. Ba4 Nf6 5. O-O b5 6. Bb3 Bc5 7. a4
Rb8 8. c3 d6 9. d4 Bb6 10. Na3 O-O 11. axb5 axb5 12. Nxb5 Bg4 13. Re1
Bxf3 14. gxf3 Nh5 15. Kh1 exd4 16. Nxd4 Nxd4 17. cxd4 c5 18. Rg1 cxd4
19. Bg5 Qe8 20. Qd3 Bd8 21. Bd2 Qe5 22. Rg4 Qb5 23. Bc4 Qxb2 24. Rag1
Kh8 25. f4 g6 26. f5 Bf6 27. fxg6 fxg6 28. f4 Bg7 29. R4g2 Qb7 30. Bd5
Qb5 31. Qh3 Rxf4 32. Qxh5 Rxe4 33. Bh6 Re6 34. Bxg7+ Kxg7 35. Rg3 Qe2
36. Qh4 Re5 37. Rh3 Rxd5 38. Qxh7+ Kf8 39. Qxg6 1-0
*

[Event "WCC 2002"]
[Site "Hyderabad"]
[Date "2002.10.14"]
[Round "5"]
[White "Matveeva, Svetlana"]
[Black "Cmilyte, Viktorija"]
[Result "1-0"]
[WhiteElo "2465"]
[WhiteCountry "RUS"]
[BlackElo "2460"]
[BlackCountry "LTU"]
[Remark "Message"]
[PresId "513"]

1. d4 f5 2. Nf3 Nf6 3. g3 g6 4. c4 Bg7 5. b4 d6 6. Bb2 O-O 7. Bg2 c6
8. O-O Kh8 9. Nbd2 Be6 10. a4 a5 11. b5 Bg8 12. Ne1 Qc7 13. Nd3 Nbd7
14. Rc1 e5 15. c5 e4 16. cxd6 Qxd6 17. bxc6 bxc6 18. Ne5 Bd5 19. Ndc4
Qe6 20. Ba3 Rfd8 21. Qc2 Nxe5 22. Nxe5 Nd7 23. Nxd7 Rxd7 24. e3 g5 25.
Rfe1 Re8 26. Qd2 f4 27. Qxa5 Rb7 28. Rb1 Rxb1 29. Rxb1 f3 30. Bf1 Bc4
31. Qe1 Ra8 32. a5 h5 33. Bxc4 Qxc4 34. Bc5 Qe6 35. Bb6 Bf8 36. Qf1 g4
37. a6 Qa2 38. a7 h4 39. Bc5 Bxc5 40. Rb8+ Kg7 41. Rxa8 Bxa7 42. gxh4
Qa5 43. Kh1 Kf6 44. Qg1 1-0
*

[Event "WCC 2002"]
[Site "Hyderabad"]
[Date "2002.10.14"]
[Round "5"]
[White "Swathi, Ghate"]
[Black "Xu, Yuhua"]
[Result "0-1"]
[WhiteElo "2247"]
[WhiteCountry "IND"]
[BlackElo "2473"]
[BlackCountry "CHN"]
[Remark "Message"]
[PresId "516"]

1. e4 c5 2. Nf3 d6 3. d4 cxd4 4. Nxd4 Nf6 5. Nc3 a6 6. Be3 e5 7. Nb3
Be6 8. f3 Nbd7 9. Qd2 Rc8 10. g4 Nb6 11. Bxb6 Qxb6 12. O-O-O Qc7 13.
g5 Nh5 14. Kb1 Be7 15. h4 O-O 16. Nd5 Bxd5 17. exd5 Nf4 18. Bd3 Nxd3
19. Qxd3 Qc4 20. Qd2 Bd8 21. Rde1 f5 22. f4 e4 23. Re3 Bb6 24. Rc3 Qb5
25. Rd1 Rce8 26. Re3 Bxe3 27. Qxe3 Rc8 28. h5 a5 29. h6 g6 30. Rd4
Qf1+ 31. Nc1 Qf3 32. Qd2 e3 33. Qe2 Qf2 34. a3 Rfe8 35. c3 Re7 36. Ka2
Rce8 37. Rc4 b5 38. Rd4 Rb8 39. c4 Rc7 40. Qd1 bxc4 41. Ne2 c3 42.
bxc3 Rcb7 0-1
*

[Event "WCC 2002"]
[Site "Hyderabad"]
[Date "2002.10.14"]
[Round "5"]
[White "Pia, Cramling"]
[Black "Stefanova, Antoaneta"]
[Result "0-1"]
[WhiteElo "2508"]
[WhiteCountry "SWE"]
[BlackElo "2541"]
[BlackCountry "BUL"]
[Remark "Message"]
[PresId "518"]

1. d4 d5 2. Nf3 c6 3. c4 Nf6 4. Nc3 a6 5. c5 Nbd7 6. h3 Qc7 7. Bg5 e5
8. Bxf6 gxf6 9. e3 f5 10. Nh4 Nf6 11. Be2 Ne4 12. Na4 Be6 13. Nf3 exd4
14. exd4 Bh6 15. O-O O-O 16. Re1 Kh8 17. Bf1 Rg8 18. Ne5 Rg7 19. Nc3
Rag8 20. Qd3 Nd2 21. Rad1 Nxf1 22. Qxf1 f4 23. Rd3 Qc8 24. Kh1 Rxg2
25. Qxg2 Rxg2 26. Kxg2 f6 27. Nf3 Bxh3+ 28. Kh1 Qf5 29. Red1 Bg4 30.
Kg2 Bxf3+ 31. Kxf3 Qh5+ 0-1
*

[Event "WCC 2002"]
[Site "Hyderabad"]
[Date "2002.10.14"]
[Round "5"]
[White "Ioseliani, Nana"]
[Black "Stepovaya, Tatiana"]
[Result "1/2-1/2"]
[WhiteElo "2491"]
[WhiteCountry "GEO"]
[BlackElo "2398"]
[BlackCountry "RUS"]
[Remark "Message"]
[PresId "521"]

1. c4 e5 2. Nc3 Nc6 3. g3 g6 4. Bg2 d6 5. d3 Bg7 6. Rb1 Nf6 7. b4 O-O
8. b5 Ne7 9. e4 Nh5 10. Nf3 h6 11. O-O Be6 12. Nd5 c6 13. Nxe7+ Qxe7
14. Ne1 Qd7 15. Nc2 Nf6 16. Ne3 Ng4 17. bxc6 bxc6 18. Nxg4 Bxg4 19. f3
Be6 20. f4 exf4 21. Bxf4 Rab8 22. Qd2 Kh7 23. Be3 c5 24. Qc2 Be5 25.
Rxb8 Rxb8 26. Rb1 Rxb1+ 27. Qxb1 Qa4 28. Bf3 h5 29. Kf2 Qa5 30. Ke2
Qa6 31. Qb3 Kg7 32. Bd2 Qc8 33. Bc3 Bg4 34. Bxe5+ dxe5 35. Qb2 f6 36.
Qd2 Qd8 37. Kf2 Qd4+ 38. Kg2 Be6 39. Qe2 a5 40. Qc2 Bf7 41. h4 Qe3 42.
Qe2 Qc1 43. Qf2 Qa3 44. Qe2 Be6 45. Qc2 Qb4 46. Kf2 a4 47. Bd1 a3 48.
Qe2 Bg4 49. Qc2 Bxd1 50. Qxd1 Qb2+ 51. Kf3 Qxa2 52. Qa4 Qb1 53. Qd7+
Kh6 54. Qd8 Qf1+ 55. Ke3 Qe1+ 1/2-1/2
*

[Event "WCC 2002"]
[Site "Hyderabad"]
[Date "2002.10.14"]
[Round "5"]
[White "Khurtsidze, Nino"]
[Black "Vijayalakshmi, Subbarama"]
[Result "1/2-1/2"]
[WhiteElo "2455"]
[WhiteCountry "GEO"]
[BlackElo "2394"]
[BlackCountry "IND"]
[Remark "Message"]
[PresId "517"]

1. d4 Nf6 2. c4 e6 3. Nc3 Bb4 4. e3 O-O 5. Bd3 d5 6. cxd5 exd5 7. Ne2
c5 8. a3 cxd4 9. exd4 Be7 10. O-O Nc6 11. Bg5 Bg4 12. f3 Bh5 13. Bb1
Bg6 14. Ba2 Qb6 15. b4 Rad8 16. Kh1 Rfe8 17. Re1 Nh5 18. Bd2 Nf6 19.
Bf4 Rd7 20. Qd2 Qd8 21. Na4 Nh5 22. Be3 Bh4 23. g3 Be7 24. Rac1 a5 25.
Nc5 Bxc5 26. bxc5 b5 27. cxb6 Qxb6 28. Bf2 Nf6 29. Nf4 Rxe1+ 30.
Qxe1 Ne7 31. Qc3 h6 32. Nxg6 Nxg6 33. Kg2 Re7 34. Qc5 Qb2 35. Rc2 Qa1
36. Qxa5 Nh5 37. Qd8+ Kh7 38. Qb8 Qd1 39. Bb1 f5 40. Rb2 Rf7 41. Be3
Rf6 42. Qb3 Nh4+ 43. gxh4 Qe1 44. Bxf5+ Rxf5 45. Qc2 g6 46. Rb7+ Ng7
47. Bf2 Qe6 48. Qc7 Qf6 49. Qe7 Kg8 50. a4 Qxe7 51. Rxe7 Rf6 52. Ra7
Rb6 53. a5 Rb2 54. a6 Ra2 55. Kf1 Nf5 56. h5 gxh5 57. Rd7 Rxa6 58.
Rxd5 Ra1+ 59. Kg2 Ng7 60. Re5 Kf7 61. d5 Rd1 62. Bh4 Rd2+ 63. Kf1 Rxh2
64. Bf2 Rh1+ 65. Ke2 Rb1 66. f4 Rb7 67. Kf3 Ne8 68. Bd4 Rb3+ 69. Re3
Rb5 70. Re5 Rb3+ 71. Ke2 h4 72. Rh5 Kg6 73. Rxh4 Rb5 74. Rg4+ Kf7 75.
Ke3 Rxd5 76. Ke4 Rh5 77. Be5 Nf6+ 78. Bxf6 Kxf6 79. Rg8 Ra5 80. Rf8+
Kg7 81. Rb8 1/2-1/2
*

[Event "WCC 2002"]
[Site "Hyderabad"]
[Date "2002.10.15"]
[Round "6"]
[White "Ye, Jiangchuan"]
[Black "Kasimdzhanov, Rustam"]
[Result "0-1"]
[WhiteElo "2667"]
[WhiteCountry "CHN"]
[BlackElo "2653"]
[BlackCountry "UZB"]
[Remark "Message"]
[PresId "62"]

1. e4 e5 2. Nf3 Nf6 3. Nxe5 d6 4. Nf3 Nxe4 5. d4 d5 6. Bd3 Bd6 7. O-O
O-O 8. c4 c6 9. Qc2 Na6 10. a3 Re8 11. Nc3 Bf5 12. Be3 Bg6 13. c5 Bc7
14. Ne2 Nb8 15. Bf4 Nd7 16. Bxc7 Qxc7 17. Nh4 Nef6 18. Nxg6 hxg6 19.
b4 Re7 20. Qc1 Rae8 21. Ra2 Nf8 22. a4 Ne4 23. b5 Qa5 24. f3 Nf6 25.
Qd2 Qc7 26. a5 cxb5 27. Bxb5 N8d7 28. Qf4 Rc8 29. Qxc7 Rxc7 30. Kf2
Nb8 31. Rb1 Nc6 32. Ra4 g5 33. Nc3 Nd8 34. Rab4 Nc6 35. Ra4 Nd8 36.
Ra3 Nc6 37. Rd1 Re6 38. a6 Nb4 39. Ra4 Nxa6 40. Bxa6 bxa6 41. Rb1 Rce7
42. Rb2 Ng4+ 43. Kg3 Ne3 44. h3 f5 45. Kf2 f4 46. Rab4 Kf7 47. Rb8 a5
48. R8b7 a4 49. Rxe7+ Rxe7 50. Ra2 Rb7 51. Ke2 Rb3 52. Nxa4 Nf5 53.
Kf2 Nxd4 54. Rd2 Rb4 55. Nc3 Ke6 56. Ne2 Nb3 57. Rc2 Rc4 58. Ra2 a5
0-1
*

[Event "WCC 2002"]
[Site "Hyderabad"]
[Date "2002.10.16"]
[Round "7"]
[White "Li, Ruofan"]
[Black "Koneru, Humpy"]
[Result "1-0"]
[WhiteElo "2357"]
[WhiteCountry "CHN"]
[BlackElo "2484"]
[BlackCountry "IND"]
[Remark "WCC2002"]
[PresId "76"]

1. e4 e6 2. d4 d5 3. e5 c5 4. c3 Nc6 5. Nf3 Qb6 6. a3 cxd4 7. cxd4 Nh6
8. b4 Nf5 9. Bb2 Be7 10. h4 h5 11. Bd3 Bd7 12. Bxf5 exf5 13. Nc3 Be6
14. Qd3 Rc8 15. Na4 Qd8 16. Rc1 O-O 17. Kf1 Nb8 18. Qd1 Nd7 19. Nc5 b6
20. Nd3 g6 21. g3 Rxc1 22. Qxc1 Kg7 23. Kg2 b5 24. Bc3 Nb6 25. Bd2 Rh8
26. Bg5 Nc4 27. Nc5 Bxg5 28. Nxg5 Qe7 29. Nh3 Ra8 30. Nf4 a5 31. bxa5
Rxa5 32. Qc3 Rxa3 33. Qb4 Qe8 34. Rb1 Ra5 35. Nb7 Ra7 36. Qxb5 Qxb5
37. Rxb5 Na3 38. Rb2 Nc2 39. Rxc2 Rxb7 40. Kf3 Rb3+ 41. Ke2 Kf8 42.
Rc7 Rb2+ 43. Ke3 Rb3+ 44. Kd2 Rb2+ 45. Rc2 Rb4 46. Kd3 Rb3+ 47. Rc3
Rb2 48. Ke3 Rb7 49. Nxe6+ fxe6 50. Kf4 Rb4 51. Kg5 Rxd4 52. Kxg6 Ke7
53. Ra3 Rg4+ 54. Kxh5 d4 55. f4 Kf7 56. Ra7+ Kf8 57. Rd7 Rxg3 58. Rxd4
Rg4 59. Ra4 Kf7 60. Ra7+ Kf8 61. Rh7 Ke8 62. Kh6 Rxh4+ 63. Kg6 Rg4+
64. Kf6 Rxf4 65. Kxe6 Kd8 66. Rh8+ Kc7 67. Kf7 Re4 68. e6 f4 69. e7
Kd6 70. Rd8+ Kc5 71. e8Q Rxe8 72. Kxe8 Kc4 73. Ke7 1-0
*

[Event "WCC 2002"]
[Site "Hyderabad"]
[Date "2002.10.15"]
[Round "8"]
[White "Koneru, Humpy"]
[Black "Li, Ruofan"]
[Result "1-0"]
[WhiteElo "2484"]
[WhiteCountry "IND"]
[BlackElo "2357"]
[BlackCountry "CHN"]
[Remark "Message"]
[PresId "86"]

1. Nf3 Nf6 2. c4 e6 3. g3 d5 4. Bg2 Be7 5. O-O O-O 6. d4 dxc4 7. Qc2
a6 8. a4 Bd7 9. Qxc4 Bc6 10. Bg5 Bd5 11. Qc1 h6 12. Bf4 Bd6 13. Nc3
Bxf4 14. Qxf4 Bxf3 15. Bxf3 c6 16. Rfd1 a5 17. e4 Qb6 18. e5 Nd5 19.
Qd2 Nd7 20. Ne4 f6 21. exf6 N5xf6 22. Re1 Nxe4 23. Bxe4 Nf6 24. Bc2
Rad8 25. Rxe6 Rxd4 26. Qe2 Qb4 27. Rd1 Kh8 28. Rxd4 Qxd4 29. h3 Qxb2
30. Qd3 Kg8 31. Re7 Qc1+ 32. Kg2 Qg5 33. Bb3+ Kh8 34. Rxb7 Nd5 35.
Bxd5 cxd5 36. Qd4 Re8 37. Rb5 Re4 38. Qxe4 dxe4 39. Rxg5 hxg5 40. Kf1
Kh7 41. Ke2 Kg6 42. Ke3 Kf5 43. Kd4 g6 44. Kd5 Kf6 45. Kxe4 Ke6 46.
Kf3 Kf5 47. Ke3 Ke5 48. Kd3 Kd5 49. f3 Kc5 50. Kc3 Kd5 51. h4 gxh4 52.
gxh4 Ke5 53. Kc4 Kf4 54. Kb5 Kxf3 55. Kxa5 Kg4 56. Kb5 Kxh4 57. a5 g5
58. a6 g4 59. a7 g3 60. a8Q 1-0
*

[Event "WCC 2002"]
[Site "Hyderabad"]
[Date "2002.10.17"]
[Round "10"]
[White "Beliavsky, Alexander G"]
[Black "Kasimdzhanov, Rustam"]
[Result "1/2-1/2"]
[WhiteElo "2650"]
[WhiteCountry "SLO"]
[BlackElo "2653"]
[BlackCountry "UZB"]
[Remark "WCC2002"]
[PresId "102"]

1. d4 Nf6 2. c4 e6 3. Nf3 d5 4. Nc3 Be7 5. Bg5 h6 6. Bh4 O-O 7. e3 b6
8. Bd3 Bb7 9. Bxf6 Bxf6 10. cxd5 exd5 11. O-O Nd7 12. Rc1 Re8 13. Nb5
c5 14. Nd6 c4 15. Nxe8 Qxe8 16. Bb1 b5 17. Re1 Rd8 18. h4 Be7 19. Qc2
Nf6 20. Nh2 Bd6 21. Nf1 Qe7 22. f3 Re8 23. h5 Bc7 24. g4 Qd6 25. Re2
b4 26. Rg2 Bc8 27. Qf2 Nh7 28. f4 Nf6 29. g5 Ng4 30. Qf3 hxg5 31. Rxg4
Bxg4 32. Qxg4 gxf4 33. Rc2 fxe3 34. Rg2 Qf6 35. Qd7 Qe6 36. Qxc7 e2
37. Qg3 exf1Q+ 38. Kxf1 Qf6+ 39. Rf2 Qxd4 40. Qf3 Re7 41. Qf5 Kf8 42.
Qc8+ Re8 43. Rxf7+ Kxf7 44. Bg6+ Kf6 45. Qxe8 Qf4+ 46. Ke2 Qg4+ 47.
Kd2 Qd4+ 48. Ke1 Qg1+ 49. Ke2 Qg4+ 1/2-1/2
*